This our land ; the story of the Agricultural Society of South Carolina /

Bibliographic Details
Main Author: Murray, Chalmers Swinton
Format: Book
Language:English
Published: Charleston : Carolina Art Assn., [1949]
Subjects:

MARC

Tag First Indicator Second Indicator Subfields
LEADER 00000cam a2200000 4500
001 in00000048614
005 20160220063127.0
008 750828s1949 scua b 00000 eng c
010 |a agr49000421  
035 |a (OCoLC)01578677 
035 |9 AAE9933AM 
040 |a U.S. Dept. of Agr. Lib.  |c FQG  |d OCL  |d TXA  |d UtOrBLW 
049 |a TXAM  |c 2 [414810] 
050 0 |a S111.A558  |b M3 
082 0 |a 630.62757 
092 |a 630.62757  |b M981t, 1949 
100 1 |a Murray, Chalmers Swinton. 
245 1 0 |a This our land ;  |b the story of the Agricultural Society of South Carolina /  |c Illus. by Anna Heyward Taylor. 
264 1 |a Charleston :  |b Carolina Art Assn.,  |c [1949] 
300 |a 290 pages :  |b illustrations ;  |c 25 cm. 
336 |a text  |b txt  |2 rdacontent 
337 |a unmediated  |b n  |2 rdamedia 
338 |a volume  |b nc  |2 rdacarrier 
504 |a Bibliography: pages 273-275. 
610 2 0 |a State Agricultural Society of South Carolina (1839- ) 
650 0 |a Agriculture  |z South Carolina  |x History. 
650 3 |a Agriculture  |x Societies (Works concerning) 
651 3 |a South Carolina  |x Agriculture  |x History. 
999 |a MARS 
999 f f |s 5def9bf9-32bf-3ba1-b4ba-432bb51fd449  |i 21a8f332-8636-36f5-9832-f29e221d9ad7  |t 0 
952 f f |p ric  |a Texas A&M University  |b Rellis Campus  |c Joint Library Facility  |d Remote Storage  |t 0  |e S111.A558 M3  |h Library of Congress classification  |i unmediated -- volume  |m A14801055704 
998 f f |a S111.A558 M3  |t 0  |l Remote Storage